000 00323nam a22001457a 4500
003 SGT
020 _a978-0-19-881474-0
082 _a615.19
_bA18A
100 _aATKINS,PETER
245 _aATKINS' PHYSICAL CHEMISTRY
260 _aUNITED KINGDOM
_bOXFORD
_c2018
300 _a858
650 _aPHARMACY
942 _2ddc
_cBK
_01
999 _c16112
_d16112